"Predtým bolo všetko ľahké ..." Hermann Maier sa vracia na zjazdárske svahy

Bibliographic Details
Main Author: (et) (Author)
Format: Article
Language:Slovak
PhysicalDescription:Fotogr.
ISSN:0139-7001
Subjects:

MARC

LEADER 00000nab a2200000 a 4500
001 vtls000802700
003 SK-MaSNL
005 20260302151349.0
008 160322c2002 xo 0 slo
015 |a SNBRB2002/08-24914 
035 |a CLN000154355 
040 |a SNKBUCL  |b slo  |c SNKBUCL  |e AACR2 
041 0 |a slo 
044 |a xo  |c SK 
080 |a 796.92.071  |2 UDC-MRF-SK2 
080 |a 929 Maier, Hermann  |2 UDC-MRF-SK2 
100 0 |a (et)  |4 aut  |9 839514 
245 1 0 |a "Predtým bolo všetko ľahké ..."  |b Hermann Maier sa vracia na zjazdárske svahy  |c [autor] (et) 
300 |b Fotogr. 
600 1 7 |a Maier, Hermann,  |d 1972-  |2 snkbucl  |9 107615 
655 7 |a články z novín a časopisov  |2 snkbucl  |9 267496 
773 0 |x 0139-7001  |t Šport  |g Roč. 56, č. 177 (1.8.2002), s. 35 
850 |a Slovenská národná knižnica v Martine 
852 |a SNK  |b KIS3GCP 
958 |a BX 
958 |a RBX 
999 |c 1359629  |d 1361559